000 00552nam a22001817a 4500
005 20210426120333.0
008 210204s1994 ||||| |||| 00| 0 eng d
040 _aeng
_cDLC
041 _aeng
080 _a821.111
_bD-79
100 _9773
_aDoyle, Conan. Arthur Sir
245 _aMemoirs of Sherlock Holmes
_b/ by: Book-of-the-Month Club
260 _aNew York
_bBook-of-the-Month Club
_c1994
300 _a259 p.
_bill.
650 0 _9247
_aEnglish literature
653 _aინგლისური ლიტერატურა
942 _2udc
_cBK
999 _c1168
_d1168